Crime Against Women/ (Record no. 202822)

MARC details
000 -LEADER
fixed length control field 00575 a2200193 4500
005 - DATE AND TIME OF LATEST TRANSACTION
control field 20240510154643.0
010 ## - LCCN (DPL NO)
LC control number B-7588902
020 ## - INTERNATIONAL STANDARD BOOK NUMBER
International Standard Book Number 8170246245
Terms of availability 300.00
035 ## - SYSTEM CONTROL NUMBER
System control number B-758902
037 ## - SOURCE OF ACQUISITION
Source of stock number/acquisition Gift/Unesco
082 ## - DEWEY DECIMAL CLASSIFICATION NUMBER
Classification number 301.43
245 ## - TITLE STATEMENT
Title Crime Against Women/
Statement of responsibility, etc O.C. Sharma
260 ## - PUBLICATION, DISTRIBUTION, ETC. (IMPRINT)
Place of publication, distribution, etc New Delhi
Name of publisher, distributor, etc Ashish Publishing House
Date of publication, distribution, etc 1994
270 ## - ADDRESS
Address 8/81, Punjabi Bagh
City New Delhi
Postal code 110026
300 ## - PHYSICAL DESCRIPTION
Extent 728 p.
Dimensions 24cm (Hb)
700 ## - ADDED ENTRY--PERSONAL NAME
Personal name Weiner, Irving B
9 (RLIN) 66089
942 ## - ADDED ENTRY ELEMENTS (KOHA)
Institution code [OBSOLETE] dpl
Item type English Books
Source of classification or shelving scheme Dewey Decimal Classification
Classification part 301.43
Call number suffix Elk
Holdings
Withdrawn status Lost status Not for loan Collection code Home library Current library Date acquired Source of acquisition Cost, normal purchase price Full call number Barcode Copy number Cost, replacement price Koha item type Public note
      Non-fiction Shahdara Branch Shahdara Branch 10/05/2024 Gift/29.4.24 300.00 301.43 Elk B-758902 1 300.00 English Books Gift

© Delhi Public Library
Hit Counter
free hit counter